| 000 | 00639nam a2200217 i 4500 | ||
|---|---|---|---|
| 001 | bg | ||
| 100 | 1 | _aWALICKA, Anna | |
| 245 | 1 | 0 |
_aReodynamika przepływu płynów nienewtonowskich w kanałach prostych i zakrzywionych / _cAnna Walicka. |
| 260 |
_aZielona Góra : _bRedakcja Wydawnictw Naukowo-Technicznych, _c2002. |
||
| 300 |
_a307 s. : _bil. ; _c24 cm. |
||
| 504 | _aBibliogr. | ||
| 650 | 9 |
_aMechanika płynów _xzagadnienia |
|
| 650 | 9 |
_aPrzepływ _xbadanie |
|
| 020 | _a8389044056 | ||
| 040 | _cBPK | ||
| 041 | 0 | _apol | |
| 080 | _a532 | ||
| 920 | _a83-89044-05-6 | ||
| 942 | _cKS | ||
| 008 | s pl f |000 0 pol | ||
| 999 |
_c42647 _d42647 |
||
| 856 |
_uhttp://koha.tu.koszalin.pl/cgi-bin/koha/opac-detail.pl?biblionumber=42647 _yKatalog online BPK |
||